Optimalizácia parametrov povrchu energie molekuly pomocou evolučných algoritmov. / Optimization of Potential Energy Surface of Molecules by Evolutionary Algorithms
Guardado en:
| Autor principal: | |
|---|---|
| Formato: | Manuscrito Libro |
| Lenguaje: | inglés |
| Publicado: |
Bratislava :
STU v Bratislave FCHPT,
2002
|
| Edición: | Obháj.: 3.6.2002 |
| Etiquetas: |
Sin Etiquetas, Sea el primero en etiquetar este registro!
|
MARC
| LEADER | 00000ntm a22000003a 4500 | ||
|---|---|---|---|
| 001 | stu76412 | ||
| 005 | 20150617225645.8 | ||
| 008 | 020702s2002----xo------------------eng-d | ||
| 040 | |a STU |b slo | ||
| 041 | 0 | |a eng | |
| 044 | |a xo | ||
| 100 | 1 | |a Sarkoci, Peter, |d 1979- |4 aut |u V220 |U SvF Stavebná fakulta |T SvF Katedra matematiky a deskriptívnej geometrie |X 4441 |U V220 |Y 23 |7 A000004441 | |
| 245 | 1 | |a Optimalizácia parametrov povrchu energie molekuly pomocou evolučných algoritmov. / Optimization of Potential Energy Surface of Molecules by Evolutionary Algorithms | |
| 250 | |a Obháj.: 3.6.2002 | ||
| 260 | |a Bratislava : |b STU v Bratislave FCHPT, |c 2002 | ||
| 300 | |a 48 s. Tab.,grafy,lit | ||
| 500 | |a Špec.: Fyzikálna chémia | ||
| 996 | |b 284C019780 |c C*D13510 |l CCI |s A |a 24 |w stu76412_0001 | ||